| 000 | 00864nam a2200241 i 4500 | ||
|---|---|---|---|
| 001 | bg | ||
| 100 | 1 | _aURBAŃSKI, Przemysław | |
| 245 | 1 | 0 |
_aPaliwa i smary / _cPrzemysław Urbański ; Politechnika Gdańska. |
| 260 |
_aGdańsk : _bWydaw. PG, _c1997. |
||
| 300 |
_a138 s., [1] k. tabl. złoż. : _brys., wykr. ; _c24 cm. |
||
| 504 | _aBibliogr. s. 138. | ||
| 521 | _aSkrypt dla studentów III r. studiów magisterskich do przedmiotu Paliwa i smary oraz dla studentów IV r. studiów inżynierskich do przedmiotu Technologia paliw i smarów na Wydz. Oceanotechniki i Okrętownictwa. | ||
| 650 | 9 | _aPaliwa | |
| 650 | 9 | _aSmary | |
| 655 | _aPodręczniki akademickie | ||
| 020 | _a8386537493 | ||
| 040 | _cBPK | ||
| 041 | 0 | _apl | |
| 080 | _a662.6/.9:621.89](075.8) | ||
| 920 | _a83-86537-49-3 | ||
| 942 | _cKS | ||
| 008 | s pl f |000 0 pol | ||
| 999 |
_c31560 _d31560 |
||
| 856 |
_uhttp://koha.tu.koszalin.pl/cgi-bin/koha/opac-detail.pl?biblionumber=31560 _yKatalog online BPK |
||